000 01002nam a2200289 i 4500
001 000026884
003 DO-SdBNP
005 20231006094253.0
007 ta
008 110328s1987 dr abc 000 0 spa d
040 _aDO-SdBNP
_bspa
_cBNPHU
_erda
082 _a972.93054
_bG216y
_222
100 1 _aGarcía Reyes, Federico
_946011
245 1 0 _aYo disparé contra Caamaño /
_cFederico García Reyes.
264 1 _aSanto Domingo :
_bTaller,
_c1987.
300 _a147 páginas
_bilustraciones, mapa, retratos
_c21 cm.
336 _2rdacontent
_atexto
_btxt
337 _2rdamedia
_asin mediación
_bn
338 _2rdacarrier
_avolumen
_bnc
490 1 _aBiblioteca Taller
_v240
500 _aIncluye datos biográficos del autor en la contracubierta
590 _aInventariado, 2019/MFF
600 1 4 _aCAAMAÑO DEÑÓ, FRANCISCO ALBERTO,
_d1932-1973
_910026
651 4 _aRepública Dominicana
_xHistoria
_yREVOLUCIÓN, 1965
_92167
910 _aValidado. Control de calidad EMS
942 _2ddc
_cLBS1
999 _c26376
_d26376